000 00833cam a2200289 4500500
005 20260405004101.0
041 _afre
042 _adc
100 1 0 _aDespret, Vinciane
_eauthor
245 0 0 _aLe chêne et l’érable, vus par Vinciane Despret
260 _c2022.
500 _a57
690 _aAmitié
690 _aArbre
690 _aCohabitation
690 _aExistence
690 _aforêt
690 _aJoie
690 _aPerception
690 _aPlante
690 _aPrintemps
690 _aSymbiose
690 _aVégétal
690 _aVinciane Despret
786 0 _nPhilosophie magazine - Hors séries | Hors-série - Pritemps-été 2022 | HS53 | 2022-04-01 | p. 5-5 | 2104-9246
856 4 1 _uhttps://shs.cairn.info/magazine-philosophie-magazine-2022-3-6-page-5?lang=fr&redirect-ssocas=7080
999 _c2073558
_d2073558